00879nam a22002537a 450000500170000001000150001702000270003202000240005903500130008303500130009603700130010903700120012208200190013410000250015324500720017826000370025027000750028730000390036249000520040150000500045365000420050365000410054565000390058620130404142208.0 aENG-105240 a9788124605233c1100.00 a8124605238c1100.00 aEN-88773 aB-489845 bDBAD/PUB bBSB/Ven a338.4774550954 aThind, Kuldeep Singh aArtisans and craftsmen of northern India /cby Kuldeep Singh Thind aNew DelhibD.K. Printworldc2009 a'Srikunj', F-52, Bali Nagar, Ramesh Nagar Metro StationbNew Delhie15 axxiv,262p. :c24cm(Hb)bb&w photos aReconstructing Indian history & culture, no. 33 aIncludes bibliographical references and index aHandicraft industrieszIndiaxHistory aArtisanszIndiaxEconomic conditions aArtisanszIndiaxSocial conditions